Roberto Juarez (Record no. 192)

MARC details
000 - LÍDER
campo de control de longitud fija 00825nam a2200205Ia 4500
008 - ELEMENTOS DE DATOS DE LONGITUD FIJA - INFORMACIÓN GENERAL
campo de control de longitud fija 0000002003 us a 0000000000eng00
020 ## - INTERNATIONAL STANDARD BOOK NUMBER
International Standard Book Number 1888708166
090 ## - NÚMERO DE LLAMADA DE TIPO LC LOCALMENTE ASIGNADO (OCLC)
Número de clasificación (OCLC) (R) PUS00 J81r
100 1# - ENTRADA PRINCIPAL - NOMBRE PERSONAL
Nombre de la persona Clearwater, Bonnie
245 10 - TÍTULO DECLARACIÓN
Título Roberto Juarez
Resto del título : A sense of place
Declaración de responsabilidad / curador Bonnie Clearwater
260 ## - PUBLICACIÓN, DISTRIBUCIÓN
Lugar de publicación Miami : Museum of Contemporary Art Moca
Fecha de publicación 2003
300 ## - DESCRIPCIÓN FÍSICA
Alcance [56] p.
Dimensiones / 25 cm.
500 ## - NOTA GENERAL
Nota general Exposición realizada en el Museo de Arte Contenporáneo, Miami, Septiembre 13 Noviembre 15, 2003 \ Con el patronazgo del maestro venezolano Jesús Rafael Soto (q.e.p.d.)
600 00 - ENTRADA DE SUJETO AÑADIDO - NOMBRE PERSONAL
Nombre de la persona JUAREZ, ROBERTO, 1952/
Subdivisión general TRABAJOS PICTORICOS
650 14 - ENTRADA DE SUJETO AÑADIDO - TÉRMINO TÓPICO
Término tópico o elemento de entrada del nombre geográfico PINTURA ESTADOUNIDENSE
650 14 - ENTRADA DE SUJETO AÑADIDO - TÉRMINO TÓPICO
Subdivisión general CATALOGOS
650 14 - ENTRADA DE SUJETO AÑADIDO - TÉRMINO TÓPICO
Subdivisión general EXPOSICIONES
650 14 - ENTRADA DE SUJETO AÑADIDO - TÉRMINO TÓPICO
Término tópico o elemento de entrada del nombre geográfico PINTORES ESTADOUNIDENSES
650 14 - ENTRADA DE SUJETO AÑADIDO - TÉRMINO TÓPICO
Término tópico o elemento de entrada del nombre geográfico PINTURA MODERNA ESTADOUNIDENSE
Holdings
Estado de retirada Pérdida de estatus Estado dañado No para préstamo Código de recogida Ubicación permanente Ubicación actual Ubicación de las estanterías Fecha de adquisición Número de llamada completo Código de barras Fecha de la última vez que se vio Número de copia Precio efectivo desde Tipo de artículo Koha
        General ArtNexus ArtNexus General 06/09/2022 P-US-00 J81R 192 06/09/2022 Ej.1 06/09/2022 Libro

Powered by Koha